|
|
|
|
| LEADER |
00743nab a2200217 i 4500 |
| 001 |
publ4163 |
| 005 |
20180823141813.0 |
| 008 |
140310s2014 hu o 0|| zxx d |
| 022 |
|
|
|a 1439-8516
|
| 024 |
7 |
|
|a 10.1007/s10114-014-3496-6
|2 doi
|
| 024 |
7 |
|
|a 2545604
|2 mtmt
|
| 040 |
|
|
|a SZTE Publicatio Repozitórium
|b hun
|
| 041 |
|
|
|a zxx
|
| 100 |
1 |
|
|a Feng Lei
|
| 245 |
1 |
0 |
|a Trigonometric series with a generalized monotonicity condition
|h [elektronikus dokumentum] /
|c Feng Lei
|
| 260 |
|
|
|c 2014
|
| 300 |
|
|
|a 1289-1296
|
| 490 |
0 |
|
|a Acta Mathematica Sinica, English Series
|v 30 No. 8
|
| 700 |
0 |
1 |
|a Totik Vilmos
|e aut
|
| 700 |
0 |
1 |
|a Zhou Songping
|e aut
|
| 856 |
4 |
0 |
|u http://publicatio.bibl.u-szeged.hu/4163/1/ActaMathSinica%5BB20130496%5D.pdf
|z Dokumentum-elérés
|